000 00753nam a2200229 a 4500
005 20191224041606.0
008 140228b1999 ck ||||| |||| 00| 0 spa d
040 _aCO-BoIAVH
_cCO-BoIAVH
041 _aspa
044 _ack
082 _a333.957
_bF98i
110 _bFundación Herencia Verde
245 1 _aIntroducción al estudio de los anfibios y reptiles del bajo Anchicayá
260 _aCali
_bFundación Herencia Verde
_c1999
300 _a41 páginas
_bilustraciones, fotografias
_c24 x 16 cm
650 1 4 _aAnfibios
_vreproducción
650 1 4 _aReptiles
_vHabitat
650 1 4 _aReptilia
650 1 4 _aAnfibia
_vConservación
662 _aColombia
_cRío Anchicayá
_bValle del Cauca
942 _cFolleto
_2ddc
999 _c1521
_d1521